Langston Hughes

Saved in:
Bibliografiske detaljer
Hovedforfatter: Dodat, Francois (Author)
Format: Bog
Sprog:fransk
Udgivet: París Editions Pierre Seghers 1964
Serier:Poetes d'aujourd'hui, 114
Fag:
Tags: Tilføj Tag
Ingen Tags, Vær først til at tagge denne postø!

MARC

LEADER 00000nam a2200000 a 4500
001 UCV8028
003 CL-VaPUC
005 20201112141134.0
008 900418e19640000FR |||||||||||||||||fre|d
999 |c 213619  |d 213617 
040 |c Pontificia Universidad Católica de Valparaíso 
082 0 4 |a 811  |b DOD  |2 21 
100 0 |a Dodat, Francois  |e author  |9 302114 
245 1 0 |a Langston Hughes 
260 |a París  |b Editions Pierre Seghers  |c 1964 
300 |a 191 p 
490 0 |a Poetes d'aujourd'hui, 114 
583 |a last modification  |c 19900418 00:00:00  |k Rodrigo Vera 
600 |a Hughes, Langston  |d 1902-1967  |9 858169 
650 7 |a POESIAS ESTADOUNIDENSES  |2 CL-VaPUC  |9 302115 
852 |a BIBCUR 
942 |c BK  |2 ddc 
945 |d 19900418 00:00:00  |a oaravena 
952 |0 0  |1 0  |4 0  |6 811_000000000000000_DOD_1964  |7 0  |8 P  |9 196164  |a BIBARQ  |b BIBARQ  |d 2019-11-14  |i 2640805  |o 811 DOD 1964  |p 2640805  |r 2025-01-20  |w 2019-11-14  |y BK  |k ARQ 
952 |0 0  |1 0  |4 0  |6 811_000000000000000_DOD_1964  |7 0  |8 P  |9 196165  |a BIBART  |b BIBART  |d 2019-11-14  |i 3060616  |o 811 DOD 1964  |p 3060616  |r 2025-03-13  |w 2019-11-14  |y BK  |k ART